From honey to ashes. (Record no. 6910)
[ view plain ]
| 000 -LEADER | |
|---|---|
| fixed length control field | 00895cam a2200277 4500 |
| 001 - CONTROL NUMBER | |
| control field | 8026 |
| 005 - DATE AND TIME OF LATEST TRANSACTION | |
| control field | 20190415121636.0 |
| 008 - FIXED-LENGTH DATA ELEMENTS--GENERAL INFORMATION | |
| fixed length control field | 730504s1973 nyua b 001 0 eng |
| 010 ## - LIBRARY OF CONGRESS CONTROL NUMBER | |
| LC control number | 72085209 |
| 020 ## - INTERNATIONAL STANDARD BOOK NUMBER | |
| International Standard Book Number | 0060125896 |
| 082 00 - DEWEY DECIMAL CLASSIFICATION NUMBER | |
| Classification number | 306 L66f 1973 |
| Edition number | 19 |
| 100 2# - MAIN ENTRY--PERSONAL NAME | |
| Personal name | Levi-Strauss, Claude. |
| 240 10 - UNIFORM TITLE | |
| Uniform title | Du miel aux cendres. |
| Language of a work | English |
| 245 10 - TITLE STATEMENT | |
| Title | From honey to ashes. |
| Statement of responsibility, etc. | Translated from the French by John and Doreen Weightman. |
| 250 ## - EDITION STATEMENT | |
| Edition statement | [1st U.S. ed.] |
| 260 ## - PUBLICATION, DISTRIBUTION, ETC. | |
| Place of publication, distribution, etc. | New York, |
| Name of publisher, distributor, etc. | Harper & Row |
| Date of publication, distribution, etc. | [1973] |
| 300 ## - PHYSICAL DESCRIPTION | |
| Extent | 512 p. |
| Other physical details | illus. |
| Dimensions | 24 cm. |
| 490 0# - SERIES STATEMENT | |
| Series statement | His Introduction to a science of mythology, 2 |
| 500 ## - GENERAL NOTE | |
| General note | Translation of Du miel aux cendres. |
| 504 ## - BIBLIOGRAPHY, ETC. NOTE | |
| Bibliography, etc. note | Bibliography: p. [477]-492. |
| 650 #0 - SUBJECT ADDED ENTRY--TOPICAL TERM | |
| Topical term or geographic name entry element | Indian mythology |
| Geographic subdivision | South America. |
| Topical term or geographic name entry element | Indians of South America |
| General subdivision | Folklore. |
| Topical term or geographic name entry element | Structural anthropology. |
| 942 ## - ADDED ENTRY ELEMENTS (KOHA) | |
| Source of classification or shelving scheme | Dewey Decimal Classification |
| Koha item type | Main |
| Withdrawn status | Lost status | Source of classification or shelving scheme | Damaged status | Not for loan | Collection code | Home library | Current library | Shelving location | Serial Enumeration / chronology | Inventory number | Total Checkouts | Full call number | Barcode | Date last seen | Price effective from | Koha item type |
|---|---|---|---|---|---|---|---|---|---|---|---|---|---|---|---|---|
| Dewey Decimal Classification | Main TEST | RTC Library | RTC Library | Main opac | 12113 | 306 LEV | 30011990 | 27/11/2018 | 27/11/2018 | Main |